000 00686aam a2200265 4500
005 20260302182411.0
008 150420b2006 xxu||||| |||| 00| 0 spa d
020 _a9506793972
041 _aESP
082 _a364.1 AR668i
100 _aArce Aggeo, Miguel Ángel
_934248
245 _aIntroducción a la teoría comunicativa del delito
260 _aArgentina
260 _bEditorial Universidad
260 _c2006
300 _a184 páginas
490 _aInvestigación Criminal
650 _aDELITOS
650 _aDELITO CRIMINAL
650 _aDERECHO PENAL
650 _aCAUSALIDAD
650 _aCOMUNICACIÓN
650 _aSOCIOLOGÍA CRIMINAL
942 _cBK
_2ddc
999 _c4829
_d4829